Представление документа в формате RUSMARC

ПолеНазваниеЗначение
  Тип записи a
  Библиографический уровень a
001 Контрольный номер RU/CBS_Ul/BASE/447791948
005 Дата корректировки 20240209175136.7
100 Данные общей обработки __
a Данные общей обработки 20140310d2014 ||| 0rusy0189 ca
101 Язык документа 0_
a Язык текста rus
102 Страна публикации __
a Страна публикации RU
105 Кодированные данные (монография) __
a Кодированные данные (монография) y###||||000|y
200 Заглавие и сведения об ответственности 1_
a Заглавие Россия как дар
b Общее обозначение материала Текст
e Сведения, относящиеся к заглавию [Размышления над баснями И.А. Крылова. Из записной книжки писателя ]
f Первые сведения об ответственности А. Фурсов
461 Уровень набора _0
1 2000
a Духовно-нравственное воспитание
463 Уровень физической единицы _0
1 001RU/CBS_Ul/BASE/442710966
1 2000
a №8
v С. 3-6.
1 210
d 2013
610 Ключевые слова 0_
a Ключевые слова Россия, басни И.Крылова, православное воспитание
686 Индексы других классификаций __
a Классификационный индекс 83.3(2Рос=Рус)6
2 Код системы ББК
700 Автор _1
a Фамилия Фурсов
b Имя (инициалы) А.
g Полное личное имя Александр
801 Источник записи _0
a Страна RU
b Организация МБУК ЦБС г. Ульяновска
c Дата составления 20140310
g Правила каталогизации RCR
801 Источник записи _1
a Страна RU
b Организация МБУК ЦБС г. Ульяновска
c Дата составления 20140310
g Правила каталогизации RCR
901 Тип документа __
t Тип документа b
w Контрольный № источника RU/CBS_Ul/BASE/442710966
910 Корректоры записи __
a Корректор записи Луконина
938 Служебная информация __
a Имя БД period